Реальность Паблик рилейшнз

Bibliographische Detailangaben
1. Verfasser: Иванченко Г. В. Галина Владимировна
Zusammenfassung:Исключено из фонда НТБ ТПУ
Sprache:Russisch
Veröffentlicht: Москва, Смысл, 1999
Schriftenreihe:Бизнес-образование
Format: Buch
KOHA link:https://koha.lib.tpu.ru/cgi-bin/koha/opac-detail.pl?biblionumber=13314

MARC

LEADER 00000nam0a2200000 4500
001 13314
005 20231030184930.0
010 |a 5893570502 
035 |a (RuTPU)RU\TPU\book\13396 
035 |a BOOK00013463 
090 |a 13314 
100 |a 20011209d1999 m y0 y50 ca 
101 0 |a rus 
102 |a RU 
105 |a y z 000zy 
200 1 |a Реальность Паблик рилейшнз  |f Г. В. Иванченко 
210 |a Москва  |c Смысл  |d 1999 
215 |a 153 с. 
225 1 |a Бизнес-образование 
333 |a Исключено из фонда НТБ ТПУ 
700 1 |a Иванченко  |b Г. В.  |g Галина Владимировна 
801 0 |a RU  |b 63413507  |c 20011209  |g PSBO 
801 2 |a RU  |b 63413507  |c 20220427  |g PSBO 
942 |c BK